000 00605nam a2200205 4500
003 OSt
005 20240717082920.0
006 a
008 240717b |||||||| |||| 00| 0 eng d
020 _a9781891121463
040 _aDWCL-Main lib.
_cOC
082 _aCirc. 621.34 N243t 2008
100 _aNasar, Syed A.
245 _a2008+ solved problems in electromagnetics /
260 _a Raleigh, NC:
_bScitech Pub. Inc. ,
_cc2008.
300 _aiv,
_b438 p. : ill. ;
_c28 cm.
504 _aIncludes index.
650 _a1. Electromagnetism-Problems, exercises, etc.
942 _2ddc
_n0
_cBK-CIRC
_kCirc.
999 _c2333
_d2333